Music Quiz

Random Music or Numbers Quiz
Score 0/21 Timer 05:00
0 Plays Today
Side % Correct
Side 1Sir Duke
80.1%
Side 3Isn't She Lovely
72.8%
Side 2I Wish
62.3%
Side 4As
58.6%
Side 2Pastime Paradise
49%
Side 1Love's in Need of Love Today
46.5%
Side 3Black Man
42.9%
Side 1Contusion
40.7%
A Something's Extra Side 1Saturn
39.7%
Side 1Village Ghetto Land
39.7%
Side 1Have a Talk with God
39.6%
Side % Correct
Side 4Another Star
38.2%
A Something's Extra Side 1Ebony Eyes
35.7%
Side 2Knocks Me Off My Feet
35.3%
Side 4Ngiculela - Es Una Historia - I Am Singing
33.4%
Side 2Summer Soft
33.2%
Side 2Ordinary Pain
32%
Side 4If It's Magic
31.8%
A Something's Extra Side 2All Day Sucker
29%
Side 3Joy Inside My Tears
28.7%
A Something's Extra Side 2Easy Goin' Evening (My Mama's Call)
20.5%
Remove Ads.
Support Sporcle.
Get the best of Sporcle when you Go Orange. This ad-free experience offers more features, more stats, and more fun while also helping to support Sporcle. Thank you for becoming a member.

You're not logged in!

Compare scores with friends on all Sporcle quizzes.
OR
Log In

Show Comments

Extras

Top Quizzes Today


Score Distribution

Your Account Isn't Verified!

In order to create a playlist on Sporcle, you need to verify the email address you used during registration. Go to your Sporcle Settings to finish the process.

Report this User

Report this user for behavior that violates our Community Guidelines.

Details: